Coupes du Monde de Football: Pérou - Statistiques

Statistiques générales
  • Ce quiz a été pris 39 fois
  • Le résultat moyen est 11 sur 16
Statistiques - réponses
Réponse % Correct
France
100%
Argentine
97%
RFA
94%
Brésil
91%
Australie
88%
Uruguay
88%
Danemark
85%
Italie
85%
Pologne
65%
Pays-Bas
62%
Ecosse
59%
Maroc
56%
Cameroun
53%
Roumanie
44%
Bulgarie
41%
Iran
35%
Aucun quiz correspondant
Distribution des résultats
% des personnes avec chaque résultat
Percentile par nombre de réponses
Votre historique - résultats
Vous n’avez pas pris ce quiz